Tratado de sociedades de responsabilidad limitada en derecho argentino y comparado
Spremljeno u:
| Glavni autor: | |
|---|---|
| Format: | Knjiga |
| Jezik: | španjolski |
| Izdano: |
Buenos Aires
Tipográfica Editora Argentina
1950
|
| Teme: | |
| Oznake: |
Dodaj oznaku
Bez oznaka, Budi prvi tko označuje ovaj zapis!
|
MARC
| LEADER | 00000nam a2200000 a 4500 | ||
|---|---|---|---|
| 001 | UCT8790 | ||
| 003 | CL-VaPUC | ||
| 008 | 970326e19500000AG |||||||||||||||||spa|d | ||
| 082 | 0 | 4 | |a 346.066 |b SOL |2 21 |
| 100 | 0 | |a Sola Cañizares, Felipe de |e author |9 380860 | |
| 245 | 1 | 0 | |a Tratado de sociedades de responsabilidad limitada en derecho argentino y comparado |
| 300 | |a 713 p | ||
| 942 | |c BK | ||
| 945 | |d 19970326 00:00:00 |a paguirre | ||
| 260 | |a Buenos Aires |b Tipográfica Editora Argentina |c 1950 | ||
| 650 | 0 | |a Sociedades anónimas |9 255387 | |
| 650 | 0 | |a Personalidad jurídica |9 315329 | |
| 650 | 7 | |a SOCIOS |2 CL-VaPUC |9 380861 | |
| 650 | 0 | |a Derecho comparado |9 255664 | |
| 650 | 0 | |a Contratos |9 255153 | |
| 651 | 0 | |a Argentina |9 254888 | |
| 583 | |a last modification |c 19970326 00:00:00 |k Rodrigo Vera | ||
| 999 | |c 257271 |d 257269 | ||
| 952 | |0 0 |1 0 |4 0 |6 346_066000000000000_SOL_1950 |7 0 |8 A |9 280611 |a BIBDER |b BIBDER |d 2019-11-19 |h v.1 |i 1817655 |o 346.066 SOL 1950 |p 1817655 |r 2019-11-19 |w 2019-11-19 |y BK |k DER | ||
| 952 | |0 0 |1 0 |4 0 |6 346_066000000000000_SOL_1950 |7 0 |8 A |9 280612 |a BIBDER |b BIBDER |d 2019-11-19 |h v.2 |i 1817647 |o 346.066 SOL 1950 |p 1817647 |r 2023-01-25 |w 2019-11-19 |y BK |k DER | ||